<?xml version="1.0" encoding="UTF-8"?>
<record
    xmlns:xsi="http://www.w3.org/2001/XMLSchema-instance"
    xsi:schemaLocation="http://www.loc.gov/MARC21/slim http://www.loc.gov/standards/marcxml/schema/MARC21slim.xsd"
    xmlns="http://www.loc.gov/MARC21/slim">

  <leader>00598nam a2200193   4500</leader>
  <controlfield tag="001">6130</controlfield>
  <datafield tag="010" ind1=" " ind2=" ">
    <subfield code="a">978-2-88901-140-7</subfield>
  </datafield>
  <datafield tag="090" ind1=" " ind2=" ">
    <subfield code="a">6130</subfield>
  </datafield>
  <datafield tag="100" ind1=" " ind2=" ">
    <subfield code="a">20260701d        u||y0frey50      ba</subfield>
  </datafield>
  <datafield tag="101" ind1=" " ind2=" ">
    <subfield code="a">fre</subfield>
  </datafield>
  <datafield tag="200" ind1=" " ind2=" ">
    <subfield code="a">Migrations </subfield>
    <subfield code="f">David Auberson</subfield>
    <subfield code="h">125</subfield>
    <subfield code="i">Revue historique vaudoise </subfield>
  </datafield>
  <datafield tag="210" ind1=" " ind2=" ">
    <subfield code="a">Lausanne</subfield>
    <subfield code="b">Rue Ecole-de-Commerce 3, 1004 Lausanne </subfield>
    <subfield code="c">Antipodes</subfield>
    <subfield code="d">2017</subfield>
    <subfield code="e">Aoste</subfield>
    <subfield code="g">La Vall&#xE9;e</subfield>
  </datafield>
  <datafield tag="215" ind1=" " ind2=" ">
    <subfield code="a">312 p. </subfield>
    <subfield code="c">ill.</subfield>
    <subfield code="d">24 cm.</subfield>
  </datafield>
  <datafield tag="606" ind1=" " ind2=" ">
    <subfield code="9">1063</subfield>
    <subfield code="a">Migration</subfield>
  </datafield>
  <datafield tag="606" ind1=" " ind2=" ">
    <subfield code="9">816</subfield>
    <subfield code="a">Travail</subfield>
  </datafield>
  <datafield tag="606" ind1=" " ind2=" ">
    <subfield code="9">1605</subfield>
    <subfield code="a">Droits des immigr&#xE9;s</subfield>
  </datafield>
  <datafield tag="607" ind1=" " ind2=" ">
    <subfield code="9">703</subfield>
    <subfield code="a">Vaud (Canton)</subfield>
  </datafield>
  <datafield tag="700" ind1=" " ind2=" ">
    <subfield code="9">7063</subfield>
    <subfield code="a">Auberson</subfield>
    <subfield code="b">David</subfield>
  </datafield>
  <datafield tag="801" ind1=" " ind2=" ">
    <subfield code="a">CH</subfield>
    <subfield code="b">CH-001784-0 </subfield>
  </datafield>
  <datafield tag="995" ind1=" " ind2=" ">
    <subfield code="1">0</subfield>
    <subfield code="2">0</subfield>
    <subfield code="3">0</subfield>
    <subfield code="5">2026-07-03</subfield>
    <subfield code="9">7127</subfield>
    <subfield code="b">002</subfield>
    <subfield code="c">002</subfield>
    <subfield code="e">CT Livres</subfield>
    <subfield code="f">CT0115</subfield>
    <subfield code="k">L1041</subfield>
    <subfield code="o">1</subfield>
  </datafield>
</record>
